00491nam a2200145 a 450000500170000000800410001702000180005805000200007610000220009624500490011826000320016730000100019999900190020995201170022820140412111236.0110128s19uu xx 00 eng d a0-590-13469-8 aM 808bSi3 1974 aSilverstein, Shel aWhere the sidewalk ends /cShel Silverstein. aU.S.A :bScholastic,c1974. a166p. c102438d102438 001040aELbELcMd2011-01-28eLib. Fundg685.00l0oM 808 Si3 1974pE1748r2014-04-12 00:00:00w2014-04-12yBK